Historický časopis

Na minha lista:
Detalhes bibliográficos
Formato: Periódico
Idioma:eslovaco
Publicado em: Bratislava Slovak Academic Press 2000
Assuntos:
Tags: Adicionar Tag
Sem tags, seja o primeiro a adicionar uma tag!

MARC

LEADER 00000nas2a2200000 4500
001 s124704
005 20231103122536.6
022 |a 0018-2575 
041 0 |a slo 
044 |a SK 
245 1 0 |a Historický časopis 
264 1 |a Bratislava  |b Slovak Academic Press  |c 2000 
300 |a 1 zv. 
773 0 |w eu_un_cat*s120045 
610 2 0 |a história